|
|
|
|
| LEADER |
00000cam a22000004a 4500 |
| 001 |
musev2_16352 |
| 003 |
MdBmJHUP |
| 005 |
20230905041755.0 |
| 006 |
m o d |
| 007 |
cr||||||||nn|n |
| 008 |
090223s2009 nhu o 00 0 eng d |
| 010 |
|
|
|z 2009006594
|
| 020 |
|
|
|a 9781584658245
|
| 020 |
|
|
|z 9781584657675
|
| 020 |
|
|
|z 158465824X
|
| 020 |
|
|
|z 1584657677
|
| 035 |
|
|
|a (OCoLC)667076684
|
| 040 |
|
|
|a MdBmJHUP
|c MdBmJHUP
|
| 050 |
0 |
4 |
|a PG3415.P55
|b L43 2009
|
| 082 |
0 |
|
|a 891.73/309353
|2 22
|
| 100 |
1 |
|
|a LeBlanc, Ronald Denis.
|
| 245 |
1 |
0 |
|a Slavic Sins of the Flesh :
|b Food, Sex, and Carnal Appetite in Nineteenth-Century Russian Fiction /
|c Ronald D. LeBlanc.
|
| 264 |
|
1 |
|a Hanover [N.H.] :
|b Published by University Press of New England,
|c 2009.
|
| 264 |
|
3 |
|a Baltimore, Md. :
|b Project MUSE,
|c 2012
|
| 264 |
|
4 |
|c ©2009.
|
| 300 |
|
|
|a 1 online resource (356 pages).
|
| 336 |
|
|
|a text
|b txt
|2 rdacontent
|
| 337 |
|
|
|a computer
|b c
|2 rdamedia
|
| 338 |
|
|
|a online resource
|b cr
|2 rdacarrier
|
| 490 |
0 |
|
|a Becoming modern: new nineteenth-century studies
|
| 504 |
|
|
|a Includes bibliographical references (p. [301]-322) and index.
|
| 588 |
|
|
|a Description based on print version record.
|
| 600 |
1 |
0 |
|a Dostoyevsky, Fyodor,
|d 1821-1881
|x Criticism and interpretation.
|
| 600 |
1 |
0 |
|a Tolstoy, Leo,
|c graf,
|d 1828-1910
|x Criticism and interpretation.
|
| 650 |
|
0 |
|a Russian fiction
|y 19th century
|x History and criticism.
|
| 650 |
|
0 |
|a Sex in literature.
|
| 650 |
|
0 |
|a Food in literature.
|
| 650 |
|
0 |
|a Desire in literature.
|
| 650 |
|
0 |
|a Pleasure in literature.
|
| 655 |
|
7 |
|a Electronic books.
|2 local
|
| 710 |
2 |
|
|a Project Muse.
|e distributor
|
| 830 |
|
0 |
|a Becoming modern.
|
| 830 |
|
0 |
|a Book collections on Project MUSE.
|
| 856 |
4 |
0 |
|z Texto completo
|u https://projectmuse.uam.elogim.com/book/16352/
|
| 945 |
|
|
|a Project MUSE - Custom Collection
|